| 000 | 01018nam a22002295i 4500 | ||
|---|---|---|---|
| 001 | 154043 | ||
| 003 | ES-MaACL | ||
| 005 | 20250801201902.0 | ||
| 008 | 050818s1775 fr | |||||||| ||fre d | ||
| 040 |
_aCAM _bspa _cCAM |
||
| 100 | 1 |
_aFénelon, François de Salignac de La Mothe, _d1651-1715 _949246 |
|
| 245 | 1 | 0 |
_aOeuvres philosophiques _b: première partie: demonstrations de l'existence de Dieu, tirée de l'art de la nature. Seconde partie : démonstration de l'existence de Dieu et de ses attributs tirée de l'idée de l'infini même / _cpar feu François de Salignac de la Mothe. |
| 250 | _aNouvelle éd. | ||
| 260 |
_aA Paris : _bchez les Freres Estienne, _c1775. |
||
| 300 |
_aXVI, 404 p. ; _c12º. |
||
| 597 | _aSign. []\p1\s, a\p8\s, A-2I\p8-4\s, 2K\p8\s, 2L\p2\s. | ||
| 650 | 7 |
_aTeología _2embne _917457 |
|
| 700 | 1 |
_aEstienne, Freres, _eed. _9126975 |
|
| 752 |
_aFrancia - _dParis |
||
| 852 |
_aES-MaACL _jR-1224 _z-- Enc. pasta _d-- _x Olim: G-10958 |
||
| 999 |
_c154043 _d154043 |
||